000 00418 a2200157 4500
005 20250531125412.0
020 _a0-13-067484-2
082 _a657.45 BEA
100 _aBEASLEY, M. S.
245 _aAuditing Cases: An Interactive Learning Approach.
250 _a2nd Ed.
260 _aNew Jersey,
_bPrentice Hall,
_c2003.
300 _a328p.: ill.;
_c28cm
700 _aBUCKLESS, F. A. [...et al...]
942 _2ddc
_cBKS
999 _c2919
_d2919